Central Library OPAC University of Rajshahi

The world of Buddhism : (Record no. 77000)

MARC details
000 -LEADER
fixed length control field 01061nam a2200277 a 4500
001 - CONTROL NUMBER
control field 77000
003 - CONTROL NUMBER IDENTIFIER
rucl marc code BD-RjUL
005 - DATE AND TIME OF LATEST TRANSACTION
control field 20211209082920.0
008 - FIXED-LENGTH DATA ELEMENTS--GENERAL INFORMATION
fixed length control field 200212r19911993enka b 001 0 eng c
020 ## - INTERNATIONAL STANDARD BOOK NUMBER
International Standard Book Number 0500276285
035 ## - SYSTEM CONTROL NUMBER
System control number (BD-RjUL)77224
040 ## - CATALOGING SOURCE
Original cataloging agency DLC/MH
Transcribing agency MH
Modifying agency DLC
-- BD-RjUL
Language of cataloging eng
041 ## - LANGUAGE CODE
Language code of text/sound track or separate title eng
082 ## - DEWEY DECIMAL CLASSIFICATION NUMBER
Edition number 23
Classification number 294.3
Author mark and year WOR 1993
245 04 - TITLE STATEMENT
Title The world of Buddhism :
Remainder of title Buddhist monks and nuns in society and culture : with 297 illustrations, 82 in colour, 215 photographs, drawings and maps /
Statement of responsibility, etc. texts by Richard Gombrich ... [et al.] ; edited by Heinz Bechert and Richard Gombrich.
250 ## - EDITION STATEMENT
Edition statement 1st pbk. ed.
260 ## - PUBLICATION, DISTRIBUTION, ETC. (IMPRINT)
Place of publication, distribution, etc. London :
Name of publisher, distributor, etc. Thames and Hudson,
Date of publication, distribution, etc. 1991 [Reprinted 1993]
300 ## - PHYSICAL DESCRIPTION
Pagination 308 p. :
Illustrations ill. ;
Size 30 cm.
504 ## - BIBLIOGRAPHY, ETC. NOTE
Bibliography, etc Includes bibliographical references (p. 293-[296]) and index.
650 #0 - SUBJECT ADDED ENTRY--TOPICAL TERM
Topical term or geographic name as entry element Buddhism.
9 (RLIN) 239290
700 1# - ADDED ENTRY--PERSONAL NAME
Personal name Gombrich, Richard ... [et al.]
Personal name Bechert, Heinz,
Dates associated with a name 1932-2005. , ed.
Personal name Gombrich, Richard, jt. ed.
942 ## - ADDED ENTRY ELEMENTS (KOHA)
Source of classification or shelving scheme Dewey Decimal Classification
Koha item type Books
Holdings
Lost status Source of classification or shelving scheme Damaged status Not for loan Collection code Permanent Location Current Location Shelving location Date acquired Source of acquisition Cost, normal purchase price Total Checkouts Full call number Date last seen Copy number Koha item type
  Dewey Decimal Classification   Not For Loan Non-fiction Central Library, University of Rajshahi Central Library, University of Rajshahi Reading Room 22/06/1996 Dhakaa, Ideal Library 897.00   294.3 WOR 1993 12/02/2020 C-1 Books